<?xml version="1.0" encoding="UTF-8"?>
<record
    xmlns:xsi="http://www.w3.org/2001/XMLSchema-instance"
    xsi:schemaLocation="http://www.loc.gov/MARC21/slim http://www.loc.gov/standards/marcxml/schema/MARC21slim.xsd"
    xmlns="http://www.loc.gov/MARC21/slim">

  <leader>00851nam a22001817a 4500</leader>
  <controlfield tag="005">20120410142114.0</controlfield>
  <datafield tag="020" ind1=" " ind2=" ">
    <subfield code="c">200.00</subfield>
    <subfield code="a">8170282934</subfield>
  </datafield>
  <datafield tag="035" ind1=" " ind2=" ">
    <subfield code="a">A-968094</subfield>
  </datafield>
  <datafield tag="037" ind1=" " ind2=" ">
    <subfield code="a"> dpl</subfield>
  </datafield>
  <datafield tag="082" ind1=" " ind2=" ">
    <subfield code="a">338.954</subfield>
  </datafield>
  <datafield tag="100" ind1=" " ind2=" ">
    <subfield code="a">&#x915;&#x932;&#x93E;&#x92E;, &#x90F;.&#x92A;&#x940;.&#x91C;&#x947;.&#x905;&#x92C;&#x94D;&#x926;&#x941;&#x932;</subfield>
    <subfield code="9">44905</subfield>
  </datafield>
  <datafield tag="245" ind1="1" ind2=" ">
    <subfield code="a">&#x907;&#x915;&#x94D;&#x915;&#x940;&#x938;&#x935;&#x940;&#x902; &#x938;&#x926;&#x940; &#x915;&#x93E; &#x92D;&#x93E;&#x930;&#x924;&#x903; &#x928;&#x935;&#x928;&#x93F;&#x930;&#x94D;&#x92E;&#x93E;&#x923; &#x915;&#x940; &#x930;&#x942;&#x92A;&#x930;&#x947;&#x916;&#x93E; /</subfield>
    <subfield code="c">&#x90F;.&#x92A;&#x940;.&#x91C;&#x947;.&#x905;&#x92C;&#x94D;&#x926;&#x941;&#x932; &#x915;&#x932;&#x93E;&#x92E;</subfield>
  </datafield>
  <datafield tag="260" ind1=" " ind2=" ">
    <subfield code="a"> &#x926;&#x93F;&#x932;&#x94D;&#x932;&#x940;</subfield>
    <subfield code="b">&#x930;&#x93E;&#x91C;&#x92A;&#x93E;&#x932; &#x90F;&#x902;&#x921; &#x938;&#x902;&#x91C;&#x93C;</subfield>
    <subfield code="c">1999</subfield>
  </datafield>
  <datafield tag="270" ind1=" " ind2=" ">
    <subfield code="a"> </subfield>
    <subfield code="b"> </subfield>
    <subfield code="e"> </subfield>
    <subfield code="k"> </subfield>
  </datafield>
  <datafield tag="300" ind1=" " ind2=" ">
    <subfield code="a">304&#x92A;&#x943;.</subfield>
    <subfield code="c">22&#x938;&#x947;&#x92E;&#x940; (&#x938;&#x91C;&#x93F;&#x932;&#x94D;&#x926;)</subfield>
  </datafield>
  <datafield tag="942" ind1=" " ind2=" ">
    <subfield code="a">dpl</subfield>
    <subfield code="c">HN</subfield>
    <subfield code="k"> </subfield>
    <subfield code="2">ddc</subfield>
    <subfield code="h">338.954</subfield>
    <subfield code="m">&#x915;&#x932;&#x93E;&#x92E;</subfield>
  </datafield>
  <datafield tag="999" ind1=" " ind2=" ">
    <subfield code="c">64803</subfield>
    <subfield code="d">64803</subfield>
  </datafield>
  <datafield tag="952" ind1=" " ind2=" ">
    <subfield code="0">0</subfield>
    <subfield code="1">0</subfield>
    <subfield code="4">0</subfield>
    <subfield code="7">0</subfield>
    <subfield code="8">NFIC</subfield>
    <subfield code="a">ZLS</subfield>
    <subfield code="b">ZLS</subfield>
    <subfield code="d">2012-04-10</subfield>
    <subfield code="g">200.00</subfield>
    <subfield code="l">0</subfield>
    <subfield code="o">338.954 &#x915;&#x932;&#x93E;&#x92E;</subfield>
    <subfield code="p">A-968094</subfield>
    <subfield code="r">2012-04-10 00:00:00</subfield>
    <subfield code="v">200.00</subfield>
    <subfield code="w">2012-04-10</subfield>
    <subfield code="y">HN</subfield>
  </datafield>
</record>
